Statistiques concernant Les 20 villes les plus peuplées de Picardie

Cliquez ici pour prendre le quiz!

Statistiques générales

  • Ce quiz a été pris 183 fois
  • Le résultat moyen est 12 sur 20

Statistiques - réponses

PopulationVille% Correct
132 479 / SommeAmiens
99%
54 738 / OiseBeauvais
91%
55 878 / AisneSaint-Quentin
90%
25 282 / AisneLaon
89%
40 732 / OiseCompiègne
85%
23 559 / SommeAbbeville
77%
28 290 / AisneSoissons
76%
34 922 / OiseCreil
72%
15 292 / OiseSenlis
68%
14 546 / AisneChâteau-Thierry
62%
10 861 / OiseChantilly
59%
13 808 / OiseNoyon
52%
10 502 / OiseClermont
48%
11 897 / AisneChauny
42%
13 742 / AisneTergnier
38%
14 968 / OiseCrépy-en-Valois
37%
19 231 / OiseNogent-sur-Oise
36%
14 318 / OiseMéru
33%
13 139 / OiseMontataire
29%
12 669 / OisePont-Sainte-Maxence
28%

Distribution des résultats

Percentile par nombre de réponses

% des personnes avec chaque résultat

Votre développement - résultats

Vous n’avez pas pris ce quiz